Empleos y salarios pagados por 19155 empresas en el mes de noviembre de 1972

Guardado en:
Bibliografiske detaljer
Institution som forfatter: Costa Rica. Ministerio de Trabajo y Seguridad Social
Format: Texto
Udgivet: San José: MTSS
Fag:
Tags: Tilføj Tag
Ingen Tags, Vær først til at tagge denne postø!

MARC

LEADER 00000 a a2200000 04500
001 17279
003
040
090 |a 006100  
110 |a Costa Rica. Ministerio de Trabajo y Seguridad Social  
245 |a Empleos y salarios pagados por 19155 empresas en el mes de noviembre de 1972  
260 |a San José:   |b MTSS  
300 |a 38 p.  
650 |a EMPLEO  
650 |a SALARIOS  
999 |c 14914  |d 14914